[Event "Asian Junior Chess Championship 2018"]
[Site "Central Palace of Culture of Mongolian Trade Union, Ulaanbaatar, Mongolia"]
[Date "2018.08.23"]
[Round "6"]
[Board "14"]
[White "Khongorzul, Davaakhuu"]
[Black "Mandukhai, Myagmarsuren"]
[Result "1/2-1/2"]
[WhiteElo "1633"]
[BlackElo "1717"]
[PlyCount "0"]
[EventDate "2018.08.19"]
[EventRounds "9"]
[EventCountry "MGL"]

1. e4 e5 2. Nf3 Nc6 3. Bb5 a6 4. Ba4 Nf6 5. O-O Be7 6. Re1 b5 7. Bb3 d6 8. a4
Bb7 9. c3 O-O 10. Bc2 Re8 11. d3 Bf8 12. Bg5 h6 13. Bxf6 Qxf6 14. Nbd2 Ne7 15.
Nf1 Ng6 16. d4 Nf4 17. g3 Ng6 18. Ne3 exd4 19. Nxd4 c5 20. Ng4 Qg5 21. h4 Nxh4
22. gxh4 Qxh4 23. Nf5 Qg5 24. Ng3 h5 25. Nh2 g6 26. Qc1 Qe7 27. Qf4 Bg7 28. Nf3
Bf6 29. Kh2 Bc8 30. Nf5 gxf5 31. Rg1+ Kh7 32. Ng5+ Bxg5 33. Rxg5 Qe5 34. Qxe5
Rxe5 35. f4 Re6 36. exf5 Re2+ 37. Kg3 h4+ 38. Kg4 Rxc2 39. Rg1 Bb7 40. Kh3 Kh6
41. R1g4 Bg2+ 42. Rxg2 Rxg2 43. Rxg2 Re8 44. axb5 Re3+ 45. Kxh4 axb5 46. Rd2 Kg7
47. Rxd6 Re2 48. Rd5 Rxb2 49. Rxc5 b4 50. cxb4 Rxb4 51. Kg5 Rb6 52. Rc8 f6+ 53.
Kg4 Rb7 54. Kf3 Rd7 55. Ke4 Kf7 56. Rc5 Re7+ 57. Kd5 Re1 58. Rc7+ Kf8 59. Rc4
Kf7 60. Rd4 Re8 61. Kc6 Re1 62. Kd7 Re7+ 63. Kc8 Re2 64. Kc7 Re1 65. Rd7+ Kf8
66. Kd6 Re2 67. Kd5 Re1 68. Rc7 Re2 69. Rc6 Kf7 70. Re6 Rd2+ 71. Ke4 Re2+ 72.
Kd5 Rd2+ 73. Ke4 Re2+  1/2-1/2

[Event "Asian Junior Chess Championship 2018"]
[Site "Central Palace of Culture of Mongolian Trade Union, Ulaanbaatar, Mongolia"]
[Date "2018.08.23"]
[Round "7"]
[Board "1"]
[White "Aakanksha, Hagawane"]
[Black "Chitlange, Sakshi"]
[Result "1/2-1/2"]
[WhiteElo "2292"]
[BlackElo "2144"]
[PlyCount "0"]
[EventDate "2018.08.19"]
[EventRounds "9"]
[EventCountry "MGL"]

1. e4 c6 2. Nc3 d5 3. Nf3 Bg4 4. h3 Bxf3 5. Qxf3
Nf6 6. Be2 e6 7. O-O Be7 8. d3 O-O 9. Bf4 Nbd7 10.
Rad1 Rc8 11. g4 Ne8 12. Qg3 Qb6 13. d4 dxe4 14. b3
Nef6 15. g5 Nd5 16. Nxe4 Nxf4 17. Qxf4 Qc7 18. Qxc7 Rxc7 19.
f4 Nb6
20. c4 Rd8 21. Kf2 Nc8 22. Ke3 Nd6 23. Nxd6 Rxd6 24. Ke4
Rc8 25. Rd3 Rcd8 26. Rfd1 Kf8 27. d5 cxd5+ 28. cxd5 Rxd5 29.
Rxd5 Rxd5 30. Rxd5 exd5+ 31. Kxd5 Bb4 32. a4 Ke7 33. Ke5
 1/2-1/2

[Event "Asian Junior Chess Championship 2018"]
[Site "Central Palace of Culture of Mongolian Trade Union, Ulaanbaatar, Mongolia"]
[Date "2018.08.23"]
[Round "7"]
[Board "2"]
[White "Isha, Sharma"]
[Black "Altantuya, Boldbaatar"]
[Result "0-1"]
[WhiteElo "2145"]
[BlackElo "2174"]
[PlyCount "0"]
[EventDate "2018.08.19"]
[EventRounds "9"]
[EventCountry "MGL"]

1. e4 e6 2. Nf3 d5 3. e5 c5 4. g3 Nc6 5. Bg2
Nge7 6. O-O Qc7 7. Re1 g6 8. d3 Bg7 9. Bf4 O-O 10.
c3 b6
11. Nbd2 a5 12. a4 Ba6 13. Nf1 Rab8 14. Ne3 d4 15. cxd4 cxd4 16. Nc2 Rfd8 17. Rc1 Qd7 18. Re4 Nd5 19.
Bg5 Re8
20. Ncxd4 Ncb4 21. Bf1 h6 22. Be3 Nxe3 23. Rxe3 h5 24. Re1
Rbd8 25. Rc3 Bh6 26. h4 Bf8 27. Qb3 Bb7 28. Be2 Bc5 29.
Rxc5 bxc5 30. Nb5 Bxf3 31. Bxf3 Qxd3 32. Qc3 Na2 33. Qxd3 Rxd3 34. Be4 Rd2 35. Nd6 Rb8 36. Nb7 Rd4 37.
Nxc5 Rxb2 38. Bf3 Nc3 39. Re3 Nd1 40. Rb3 Rxb3 41. Nxb3 Rd3 42. Bxd1 Rxd1+ 43. Kg2
Rd5 44. f4 Kf8 45. Kf2 Ke7 46. Ke3 Kd7 47. Nd2 Rc5 48.
Kd3 Rc1
49. Nc4 Rg1 50. Nxa5 Rxg3+ 51. Ke4 Ra3 52. Nb7 Rxa4+ 53. Kf3
Ra7 54. Nc5+ Kc6 55. Ne4 Ra3+ 56. Kg2 Ra4 57. Kf3 Ra3+ 58.
Kg2 Kd5
59. Ng5 Kd4 60. Kf2 Rb3 61. Kg2 Ke3 62. Kg3 Rb4 63. Nxf7 Rxf4 64. Nd8 Rg4 65. Kh3 Ke4 66. Nxe6 Kxe5 67.
Nf8 Kf5
68. Nh7 Re4 69. Kg3 Re3+ 70. Kf2 Re7 71. Ng5 Kg4  0-1

[Event "Asian Junior Chess Championship 2018"]
[Site "Central Palace of Culture of Mongolian Trade Union, Ulaanbaatar, Mongolia"]
[Date "2018.08.23"]
[Round "7"]
[Board "3"]
[White "Meghna, C H"]
[Black "Uuriintuya, Uurtsaikh"]
[Result "0-1"]
[WhiteElo "1892"]
[BlackElo "2313"]
[PlyCount "0"]
[EventDate "2018.08.19"]
[EventRounds "9"]
[EventCountry "MGL"]

1. e4 c5 2. Nf3 Nc6 3. d4 cxd4 4. Nxd4 g6 5. c4 Bg7 6. Be3 Nf6 7. Nc3 O-O
8. Be2 d6 9. O-O Bd7 10. Rc1 Nxd4 11. Bxd4 Bc6 12. f3 a5 13. b3 Nd7 14. Be3 Nc5
15. Qd2 e6 16. Rfd1 Be5 17. Bf1 Qe7 18. Bd4 Rad8 19. Qf2 Rd7 20. Rc2 Rfd8
21. Rcd2 Bf4 22. Be3 Be5 23. Bd4 Rf8 24. Rc2 Rdd8 25. Rcd2 Ra8 26. Bxe5 dxe5
27. Rd6 Na6 28. Qd2 Qc7 29. Qg5 Qb6+ 30. Kh1 Qc5 31. Ne2 Nc7 32. a4 Ne8 33. R6d3
Ng7 34. Ng3 f6 35. Qd2 Qe7 36. Be2 f5 37. Qc3 Qc5 38. Qb2 Rae8 39. Qc3 Re7
40. R1d2 Ne8 41. Qc1 Nf6 42. exf5 exf5 43. Rd8 Ree8 44. R8d6 f4 45. Nf1 e4
46. Qc3 exf3 47. Bxf3 Ne4 48. Bxe4 Rxe4 49. Rd8 Ree8 50. Rxe8 Rxe8 51. Qf6 f3
52. gxf3 Rf8 53. Qe6+ Kg7 54. Rd5 Bxd5 55. cxd5 Qc3 56. f4 Qf3+ 57. Kg1 Qxf4
58. Ng3 Qf6 59. Qd7+ Rf7 60. Qb5 Qf2+ 61. Kh1 Re7 62. Ne4 Rxe4 63. Qd7+ Kh6
64. Qh3+ Rh4  0-1

[Event "Asian Junior Chess Championship 2018"]
[Site "Central Palace of Culture of Mongolian Trade Union, Ulaanbaatar, Mongolia"]
[Date "2018.08.23"]
[Round "7"]
[Board "4"]
[White "Nomindalai, Tumurbaatar"]
[Black "Enkhsaran, Batsaikhan"]
[Result "1-0"]
[WhiteElo "1877"]
[BlackElo "1498"]
[PlyCount "0"]
[EventDate "2018.08.19"]
[EventRounds "9"]
[EventCountry "MGL"]

1. d4 d5 2. Nf3 Nf6 3. Bf4 c5 4. e3 Nc6 5. c3 e6 6. Nbd2 Bd6 7. Bg3 b6 8. Bb5
Bb7 9. Qa4 Qc7 10. Bxd6 Qxd6 11. Ne5 Rc8 12. Qxa7 Qc7 13. Bxc6+ Bxc6 14. Qxc7
Rxc7 15. Nxc6 Rxc6 16. Ke2 Ke7 17. f3 Ra8 18. Rhc1 Rcc8 19. Kd1 Nd7 20. dxc5
Nxc5 21. Kc2 b5 22. a3 f6 23. Rd1 Rc7 24. Nb3 Nxb3 25. Kxb3 Rc4 26. Rd4 Rac8
27. a4 Ra8 28. a5 Kd6 29. e4 Kc5 30. exd5 exd5 31. Rad1 Rxa5 32. Rxd5+ Kb6
33. Rd7 Rc7 34. R1d6+ Kb7 35. Rxc7+ Kxc7 36. Re6 Kd7 37. Re2 Ra4 38. Re4 Ra7
39. c4 bxc4+ 40. Rxc4 Kd6 41. Rc2 Rb7+ 42. Ka2 Ra7+ 43. Kb1 Rb7 44. Rc3 Kd5
45. b3 Kd4 46. Kb2 h6 47. Rc4+ Kd3 48. Rc8 Kd4 49. Rd8+ Kc5 50. Kc3 Kb5 51. Rd5+
Kc6 52. Rd4 Kc5 53. Rc4+ Kd5 54. b4 Kd6 55. Kb3 Kd5 56. Rc1 Kd6 57. Rc2 Kd5
58. Ka4 Rb8 59. b5 Ra8+ 60. Kb4 Kd6 61. b6 Kd7 62. Kb5 Rb8 63. Ka6 Ra8+ 64. Kb7
Ra3 65. Rd2+ Ke7 66. Kb8 Rb3 67. b7 Rb1 68. Ra2 Kd6 69. Ka7 Kc7 70. Rc2+ Kd6
71. b8=Q+ Rxb8 72. Kxb8 g5 73. Re2 f5 74. g4 fxg4 75. fxg4 Kd5 76. Re8  1-0

[Event "Asian Junior Chess Championship 2018"]
[Site "Central Palace of Culture of Mongolian Trade Union, Ulaanbaatar, Mongolia"]
[Date "2018.08.23"]
[Round "7"]
[Board "5"]
[White "Priyamvada, Karamcheti"]
[Black "Omurbekova, Diana"]
[Result "0-1"]
[WhiteElo "1850"]
[BlackElo "1868"]
[PlyCount "0"]
[EventDate "2018.08.19"]
[EventRounds "9"]
[EventCountry "MGL"]

1. d4 Nf6 2. c4 c5 3. d5 d6 4. Nc3 g6 5. e4
Bg7 6. Be2 O-O 7. Be3 a6 8. g4 Ne8 9. g5 b5 10.
Qd2 bxc4 11. h4 Nd7 12. f4 Qa5 13. h5 Rb8 14. Rc1
Qb4 15. Rc2 Nb6 16. Bd1 f5 17. gxf6 Nxf6 18. hxg6 hxg6 19.
Qg2 Nxe4 20. a3 Qa5 21. Qxe4 Bf5 22. Qg2 Na4 23. Bd2
Nxb2 24. Ne4 Qxa3 25. Rc3 Qa1 26. Ne2 Bxe4 27. Qxe4 Qxd1+
28. Kf2 Qxd2 29. Qxg6 Rxf4+ 30. Kg3 Rf6 31. Qh7+ Kf8 32. Rf3
Qg5+ 33. Kf2 Nd3+  0-1

[Event "Asian Junior Chess Championship 2018"]
[Site "Central Palace of Culture of Mongolian Trade Union, Ulaanbaatar, Mongolia"]
[Date "2018.08.23"]
[Round "7"]
[Board "6"]
[White "Munkhzul, Davaakhuu"]
[Black "Lu, Miaoyi"]
[Result "0-1"]
[WhiteElo "1823"]
[BlackElo "1691"]
[PlyCount "0"]
[EventDate "2018.08.19"]
[EventRounds "9"]
[EventCountry "MGL"]

1. e4 c6 2. d4 d5 3. Nc3 dxe4 4. Nxe4 Bf5 5. Ng3 Bg6 6. Nf3 Nd7 7. h4 h6 8. Bd3
Bxd3 9. Qxd3 e6 10. Bd2 Ngf6 11. Ne4 Nxe4 12. Qxe4 Nf6 13. Qe2 Qd5 14. a3 Qe4
15. Qxe4 Nxe4 16. Be3 c5 17. O-O-O cxd4 18. Bxd4 Bc5 19. Rhe1 Bxd4 20. Rxd4 Nf6
21. Ne5 Ke7 22. Red1 Rac8 23. Kb1 Rc5 24. f4 Rd5 25. c4 Rxd4 26. Rxd4 Rc8 27. b4
Rc7 28. a4 h5 29. Kb2 Ne8 30. Kb3 f6 31. Nf3 Nd6 32. c5 Nf5 33. Rd2 Rc8 34. Nd4
Nxh4 35. Re2 Kf7 36. Rxe6 Nxg2 37. Rd6 Rc7 38. f5 Nf4 39. Nb5 Re7 40. Rd8 g6 41.
Nd6+ Kg7 42. fxg6 Kxg6 43. Rg8+ Kh7 44. Rg3 Ne2 45. Rg2 Re3+ 46. Kc4 Rc3+ 47.
Kd5 Nf4+ 48. Kd4 Nxg2 49. Kxc3 h4 50. Ne4 h3 51. b5 h2 52. Nf2 Nf4 53. a5 Nd5+
54. Kc4 Nc7 55. c6 bxc6 56. bxc6 Kg6 57. Kd4 Kf5 58. Ke3 Ke6 59. Kf3 Kd5 60. Kg2
Kxc6 61. Kxh2 Kb5 62. Ne4 Nd5 63. Kg3 Kxa5 64. Kg4 Kb4 65. Kf5 a5 66. Ke6 Nc3
67. Nf2 Kc4 68. Ng4 a4  0-1

[Event "Asian Junior Chess Championship 2018"]
[Site "Central Palace of Culture of Mongolian Trade Union, Ulaanbaatar, Mongolia"]
[Date "2018.08.23"]
[Round "7"]
[Board "7"]
[White "Ulziikhishigjargal, Ochirkhuyag"]
[Black "Udval, Enkhsaikhan"]
[Result "0-1"]
[WhiteElo "1858"]
[BlackElo "1599"]
[PlyCount "0"]
[EventDate "2018.08.19"]
[EventRounds "9"]
[EventCountry "MGL"]

1. e4 e6 2. d4 d5 3. Nd2 dxe4 4. Nxe4 Nf6 5. Bd3 Nbd7 6. Nf3 Be7 7. O-O O-O 8.
c3 b6 9. Qe2 Bb7 10. Ne5 h6 11. f4 Nxe4 12. Bxe4 Bxe4 13. Qxe4 Nf6 14. Qe2 c5
15. Nc6 Qc7 16. Nxe7+ Qxe7 17. dxc5 Qxc5+ 18. Be3 Qc6 19. Bd4 Qe4 20. Qd2 Rfd8
21. Rae1 Qg6 22. Qe2 Rd5 23. Qa6 Ra5 24. Qb7 Rf8 25. a3 h5 26. Re5 Rxe5 27. fxe5
Nd5 28. Qxa7 h4 29. Qa6 h3 30. Qe2 b5 31. Kh1 hxg2+ 32. Qxg2 Qxg2+ 33. Kxg2 f5
34. exf6 gxf6 35. Kf3 e5 36. Ke4 Rd8 37. Bc5 Kf7 38. Kd3 Ke6 39. Kc2 e4 40. b4
Rh8 41. Kb3 Rxh2 42. Bd4 e3 43. Re1 e2 44. Kc2 f5 45. Bg1 Rg2 46. Kd2 Nf4 47.
Ke3 Rxg1 48. Rxg1 e1=Q+ 49. Rxe1 Ng2+ 50. Kd2+ Nxe1 51. Kxe1 Kd5  0-1

[Event "Asian Junior Chess Championship 2018"]
[Site "Central Palace of Culture of Mongolian Trade Union, Ulaanbaatar, Mongolia"]
[Date "2018.08.23"]
[Round "7"]
[Board "8"]
[White "Amina, Battsooj"]
[Black "Margadgua, Erdenebayar"]
[Result "1-0"]
[WhiteElo "2212"]
[BlackElo "1619"]
[PlyCount "0"]
[EventDate "2018.08.19"]
[EventRounds "9"]
[EventCountry "MGL"]

1. e4 c5 2. Nf3 d6 3. d4 cxd4 4. Nxd4 Nf6 5. Nc3 a6 6. Be2 e6 7. O-O Qc7 8. a4
Nc6 9. Be3 Be7 10. f4 O-O 11. Kh1 Re8 12. Qe1 Nxd4 13. Bxd4 e5 14. fxe5 dxe5 15.
Qg3 Bd8 16. Be3 Qc6 17. Bd3 Ng4 18. Bd2 Qg6 19. Nd5 Nf6 20. Qf2 Be6 21. Rae1 Ng4
22. Qf3 Nf6 23. Bc3 Bg4 24. Qf2 Bd7 25. a5 Qh5 26. Nxf6+ Bxf6 27. Bc4 Be6 28.
Bxe6 Rxe6 29. Rd1 Bh4 30. Qc5 Bg3 31. h3 Qe2 32. Qc7 Bf4 33. Bxe5 Rxe5 34. Rd8+
Re8 35. Rxe8+ Rxe8 36. Rxf4 Rf8 37. e5 Qb5 38. b3 h6 39. Kh2 Qd5 40. c4 Qe6 41.
Qd6 Re8 42. Qc7 Qe7 43. Qxe7 Rxe7 44. Re4 f6 45. e6 f5 46. Re5 g6 47. g4 fxg4
48. hxg4 Kg7 49. Kg3 Kf6 50. Kf4 Rxe6 51. Rd5 Re7 52. Rd6+ Kf7 53. Rb6 Kg7 54.
b4 Kf7 55. c5 Rc7 56. Ke5 h5 57. gxh5 gxh5 58. Rh6 Kg7 59. Rxh5 Re7+ 60. Kd4
Rd7+ 61. Kc4 Kf6 62. b5 Kg6 63. Rh8 axb5+ 64. Kxb5 Rd1 65. Rh4 Ra1 66. Rb4 Kf6
67. Kb6 Ke6 68. Kxb7 Rxa5 69. c6 Rh5 70. c7 Rh7 71. Kb8  1-0

[Event "Asian Junior Chess Championship 2018"]
[Site "Central Palace of Culture of Mongolian Trade Union, Ulaanbaatar, Mongolia"]
[Date "2018.08.23"]
[Round "7"]
[Board "9"]
[White "Udval, Batkhishig"]
[Black "Bidhar, Rutumbara"]
[Result "0-1"]
[WhiteElo "1608"]
[BlackElo "2036"]
[PlyCount "0"]
[EventDate "2018.08.19"]
[EventRounds "9"]
[EventCountry "MGL"]

1. e4 e5 2. Nf3 Nc6 3. Bb5 a6 4. Ba4 Nf6 5. O-O b5 6. Bb3 Be7 7. Re1 d6 8. c3
O-O 9. h3 Bb7 10. Bc2 Nb8 11. d4 Nbd7 12. Nbd2 c5 13. Nf1 Re8 14. d5 c4 15. Ng3
g6 16. Be3 a5 17. Qe2 Ba6 18. Nd2 Rc8 19. Qd1 b4 20. Ba4 bxc3 21. bxc3 Qc7 22.
Rb1 Rb8 23. Qc2 Rec8 24. Ngf1 Nc5 25. Bxc5 Qxc5 26. Ne3 Nh5 27. Bd7 Rd8 28. Qa4
Nf4 29. Ndxc4 Ne2+ 30. Rxe2 Rxb1+ 31. Kh2 Bxc4 32. Nxc4 Rxd7 33. Qxd7 Qxc4 34.
Re3 Bg5 35. Rf3 Bf4+ 36. Rxf4 exf4 37. Qxd6 Qxe4 38. Qd8+ Kg7 39. Qc7 g5 40. Qd8
h6 41. h4 Qe1 42. Kh3 Qxf2 43. hxg5 Qg3#  0-1

[Event "Asian Junior Chess Championship 2018"]
[Site "Central Palace of Culture of Mongolian Trade Union, Ulaanbaatar, Mongolia"]
[Date "2018.08.23"]
[Round "7"]
[Board "10"]
[White "Amartuvshin, Naransolongo"]
[Black "Tsogzolmaa, Nanjid"]
[Result "0-1"]
[WhiteElo "1262"]
[BlackElo "1792"]
[PlyCount "0"]
[EventDate "2018.08.19"]
[EventRounds "9"]
[EventCountry "MGL"]

1. e4 e6 2. d4 d5 3. Nd2 a6 4. Ngf3 c5 5. exd5 exd5 6. h3 Nf6 7. c3 Nc6 8. dxc5
Bxc5 9. Bd3 O-O 10. O-O Re8 11. Nb3 Bb6 12. Bf4 Ne4 13. Nbd4 Bxd4 14. Nxd4 Nxd4
15. cxd4 Qb6 16. Qa4 Bf5 17. Bxe4 Rxe4 18. Be3 Qe6 19. Bd2 Bxh3 20. Qb3 Bxg2 21.
f3 Re2 22. Rf2 Bh3 23. Qd3 Rxf2 24. Kxf2 Qf6 25. Rg1 Re8 26. Bg5 Qf5 27. Qc3 Rc8
28. Qe3 Qc2+ 29. Kg3 Be6 30. Rg2 Qg6 31. Kh2 Rc2 32. Rxc2 Qxc2+ 33. Qd2 Qxd2+
34. Bxd2 h6 35. Kg3 g5 36. f4 f6 37. a3 Kg7 38. b3 Kg6 39. a4 h5 40. b4 h4+ 41.
Kh2 g4 42. a5 g3+ 43. Kg2 Bf5 44. Be3 Kh5 45. Bd2 Kg4 46. Be3 h3+ 47. Kg1 h2+
 0-1

[Event "Asian Junior Chess Championship 2018"]
[Site "Central Palace of Culture of Mongolian Trade Union, Ulaanbaatar, Mongolia"]
[Date "2018.08.23"]
[Round "7"]
[Board "11"]
[White "Bayasgalan, Khishigbaatar"]
[Black "Enkhbolor, Nyamdavaa"]
[Result "1/2-1/2"]
[WhiteElo "1524"]
[BlackElo "1563"]
[PlyCount "0"]
[EventDate "2018.08.19"]
[EventRounds "9"]
[EventCountry "MGL"]

1. Nf3 Nf6 2. g3 g6 3. c4 Bg7 4. Bg2 O-O 5. O-O d6 6. d4 Nc6 7. Nc3 a6 8. Qd3 e5
9. dxe5 dxe5 10. Qxd8 Rxd8 11. Bg5 Be6 12. Bxf6 Bxf6 13. Ne4 Bg7 14. Rac1 Bh6
15. e3 Bf5 16. Nf6+ Kg7 17. Nd5 Rac8 18. Rfd1 Be6 19. h3 f6 20. g4 Kf7 21. a3
Bf8 22. g5 f5 23. Nb4 Rxd1+ 24. Rxd1 Bxb4 25. axb4 e4 26. Nd4 Rd8 27. Bf1 Nxb4
28. Ra1 c5 29. Nb3 b6 30. Be2 Ke7 31. Kf1 Rd6 32. Nc1 Rd2 33. b3 Kd7 34. Ke1 Rd6
35. Bd1 Kc7 36. Na2 Nd3+ 37. Kf1 Rd7 38. Nc3 Nb4 39. Kg2 Rd2 40. Kg3 Kb7 41. Ne2
Nd3 42. h4 Nb2 43. Nf4 Bf7 44. Be2 a5 45. h5 gxh5 46. Bxh5 Bxh5 47. Nxh5 Rd6 48.
Rh1 h6 49. Rb1 Nd3 50. gxh6 Rg6+ 51. Kh3 Rxh6 52. Kh4 Rg6 53. Ng3 Nxf2 54. Nxf5
b5 55. Kh5 Re6 56. Kg5 Nd3 57. Ng3 Re5+ 58. Kf6 Kc6 59. Ra1 Kb6 60. Ne2 Rh5 61.
Nc3 Rh3 62. cxb5 Nb4 63. Re1 Nc2 64. Re2 Na3 65. Nxe4 Kxb5 66. Nd2 c4 67. bxc4+
Nxc4 68. Nxc4 Kxc4 69. e4 a4  1/2-1/2

[Event "Asian Junior Chess Championship 2018"]
[Site "Central Palace of Culture of Mongolian Trade Union, Ulaanbaatar, Mongolia"]
[Date "2018.08.23"]
[Round "7"]
[Board "12"]
[White "Mandukhai, Myagmarsuren"]
[Black "Unurzul, Davaakhuu"]
[Result "1-0"]
[WhiteElo "1717"]
[BlackElo "1352"]
[PlyCount "0"]
[EventDate "2018.08.19"]
[EventRounds "9"]
[EventCountry "MGL"]

1. d4 Nf6 2. c4 g6 3. Nc3 d5 4. cxd5 Nxd5 5. e4 Nxc3 6. bxc3 Bg7 7. h3 O-O 8.
Nf3 c5 9. Be2 Nc6 10. Be3 Qa5 11. Bd2 Qa3 12. d5 Ne5 13. Qc2 Bd7 14. O-O Ba4 15.
Qc1 Nxf3+ 16. Bxf3 Qxc1 17. Raxc1 Rfd8 18. Bg5 Re8 19. Rfe1 e6 20. c4 b6 21. e5
exd5 22. Bxd5 Rac8 23. e6 f6 24. e7+ Kh8 25. Bf4 Bc6 26. Bf7 f5 27. Bxe8 Rxe8
28. Rcd1 Bd4 29. Be5+ Bxe5 30. Rxe5 Kg7 31. Rd8 Kf7 32. Rxe8 Kxe8 33. f3 Bb7 34.
Re3 Ba6 35. Ra3 Bxc4 36. Rxa7 b5 37. Kf2 f4 38. a3 b4 39. axb4 cxb4 40. Ra4 g5
41. Rxb4 Be6 42. h4 h6 43. hxg5 hxg5 44. Rb5 Kxe7 45. Rxg5 Kf6 46. Ra5 Bf7 47.
Rc5 Bg8 48. g3 fxg3+ 49. Kxg3 Bf7 50. f4 Kg6 51. Kg4 Kg7 52. Kg5 Kg8 53. Rc8+
Kg7 54. Rc7 Kg8 55. Rxf7 Kxf7 56. Kf5 Kg7 57. Ke6 Kf8 58. Kf6 Kg8 59. Ke7 Kh7
60. f5 Kh6 61. f6  1-0

[Event "Asian Junior Chess Championship 2018"]
[Site "Central Palace of Culture of Mongolian Trade Union, Ulaanbaatar, Mongolia"]
[Date "2018.08.24"]
[Round "8"]
[Board "1"]
[White "Uuriintuya, Uurtsaikh"]
[Black "Altantuya, Boldbaatar"]
[Result "1-0"]
[WhiteElo "2313"]
[BlackElo "2174"]
[PlyCount "0"]
[EventDate "2018.08.19"]
[EventRounds "9"]
[EventCountry "MGL"]

1. e4 c5 2. Nf3 e6 3. d4 cxd4 4. Nxd4 Nf6 5. Nc3
d6 6. Be2 a6 7. a4 Be7 8. O-O O-O 9. f4 Nc6 10.
Be3 Qc7
11. Kh1 Nxd4 12. Bxd4 e5 13. Be3 exf4 14. Rxf4 Be6 15. Bd4
d5 16. Qf1 dxe4 17. Nxe4 Nxe4 18. Rxe4 Qxc2 19. Bd3 Qd2 20.
Rf4 Bg5
21. Rf3 Qb4 22. Bc3 Qh4 23. Re1 Bg4 24. Re4 f5 25. Rb4
Be7 26. Rc4 Qh6 27. Rf2 Bd6 28. h3 Rae8 29. Bb4 Bxb4 30.
Rxb4 Qd6 31. Rxb7 Rc8 32. Kg1 Qc6 33. Bxa6 Bh5 34. Rb4
Rcd8 35. Qc4+ Qxc4 36. Bxc4+ Kh8 37. a5 Be8 38. a6 Bc6 39. Rb6 Be4 40. b4 Rd1+ 41.
Kh2 Rc1 42. Bf1 g5 43. b5 Rd8 44. Re6
h5 45. b6 Rb1 46. h4 g4 47. Kg3 f4+ 48. Rxf4 Bd3 49.
Ref6 Kg7 50. a7 Ra1 51. Rf7+ Kh6 52. b7  1-0

[Event "Asian Junior Chess Championship 2018"]
[Site "Central Palace of Culture of Mongolian Trade Union, Ulaanbaatar, Mongolia"]
[Date "2018.08.24"]
[Round "8"]
[Board "2"]
[White "Aakanksha, Hagawane"]
[Black "Nomindalai, Tumurbaatar"]
[Result "0-1"]
[WhiteElo "2292"]
[BlackElo "1877"]
[PlyCount "0"]
[EventDate "2018.08.19"]
[EventRounds "9"]
[EventCountry "MGL"]

1. e4 Nf6 2. e5 Nd5 3. d4 d6 4. c4 Nb6 5. f4
dxe5 6. fxe5 Nc6 7. Be3 Bf5 8. Nc3 e6 9. Be2 Bb4 10.
Nf3 O-O
11. O-O Na5 12. Nd2 Bg6 13. a3 Bxc3 14. bxc3 Rc8 15. Rc1
c5 16. Qe1 Qe7 17. h4 cxd4 18. cxd4 Qxa3 19. Bf4 h6 20.
h5 Bf5
21. Qh4 Qb2 22. Be3 Nd5 23. Qf2 Nxe3 24. Qxe3 b5 25. c5
Rfd8 26. Nf3 Nc6 27. Rc3 b4 28. Rb3 Qc2 29. Rd1 a5 30.
Ra1 Qe4
31. Qf2 Qd5 32. Rb2 Ra8 33. Rd2 a4 34. Qf1 Qb3 35. Kf2
Qd5 36. Bc4 Qe4 37. Re1 Qg4 38. d5 exd5 39. Bxd5 Rac8 40.
Red1 b3 41. Qb5 Bc2 42. Rh1 Qb4 43.
Qe2 Qxc5+ 44. Kg3 Rxd5
45. e6 Qd6+  0-1

[Event "Asian Junior Chess Championship 2018"]
[Site "Central Palace of Culture of Mongolian Trade Union, Ulaanbaatar, Mongolia"]
[Date "2018.08.24"]
[Round "8"]
[Board "3"]
[White "Chitlange, Sakshi"]
[Black "Lu, Miaoyi"]
[Result "1-0"]
[WhiteElo "2144"]
[BlackElo "1691"]
[PlyCount "0"]
[EventDate "2018.08.19"]
[EventRounds "9"]
[EventCountry "MGL"]

1. d4 d5 2. c4 c6 3. Nf3 Nf6 4. e3 Bf5 5. Nc3
a6 6. Bd3 Bg6 7. O-O e6 8. Bxg6 hxg6 9. Qd3 Nbd7 10.
e4 dxe4
11. Nxe4 Nxe4 12. Qxe4 Nf6
13. Qe2 Bd6 14. h3 O-O 15. Bg5 Qc7 16. Rfd1 Bf4 17. h4
Bxg5 18. hxg5 Nd7 19. g3 c5 20. Kg2 cxd4 21. Rxd4 Rfd8 22.
Qe4 Nc5
23. Rxd8+ Rxd8 24. Qh4 Rd3 25. Rh1 Kf8 26. Qh8+ Ke7 27. Qh4
Qc6 28. Qf4 Nd7 29. Re1 Nb6 30. b3 Nc8 31. Qe4 Qxe4 32.
Rxe4 Nd6 33. Re2 Nf5 34. Ne5 Rd1 35. Rb2 Nd4 36. b4
Ke8 37. c5 Nc6 38. Nc4 Kd7 39. Nd6 Nd8 40. Kf3 Kc6 41.
Ke2 Rd5
42. Ne4 Rd4 43. Ke3 Kd5 44. Nd6 e5 45. f3 f6 46. gxf6 gxf6 47. a3 f5 48. Nc8 Kc4 49. Ke2 Kc3 50.
Rb1 Kc2
51. Re1 Kb3 52. b5 axb5 53. Rb1+ Kxa3 54. Rxb5 Rb4 55. Ra5+ Ra4 56. Rb5 Rb4 57. Ra5+ Kb3 58. Ne7 Nc6 59. Nxc6 bxc6 60. Ra6 Kc4 61. Rxc6 Rb2+ 62. Ke3
Rb3+ 63. Ke2 Rb5 64. Rxg6 Rxc5 65. Rf6 e4 66. Ke3 Re5 67. Rd6
Kc5 68. Rd8 exf3+ 69. Kxf3
Rd5 70. Re8 Rd3+ 71. Kf4 Ra3 72. Re5+ Kd6 73. Rxf5 Ke6 74.
g4 Ra1
75. Kg5 Rg1 76. Rf2 Ke7 77. Kh5 Rh1+ 78. Kg6 Ra1 79. g5
Ra6+ 80. Kg7 Ra5 81. g6 Rg5 82. Kh7 Rh5 83. Kg8 Rg5 84.
g7 Ke8
85. Re2+ Kd7 86. Kf7 Kd6 87. g8=Q Rxg8 88. Kxg8  1-0

[Event "Asian Junior Chess Championship 2018"]
[Site "Central Palace of Culture of Mongolian Trade Union, Ulaanbaatar, Mongolia"]
[Date "2018.08.24"]
[Round "8"]
[Board "4"]
[White "Omurbekova, Diana"]
[Black "Isha, Sharma"]
[Result "0-1"]
[WhiteElo "1868"]
[BlackElo "2145"]
[PlyCount "0"]
[EventDate "2018.08.19"]
[EventRounds "9"]
[EventCountry "MGL"]

1. e4 e6 2. d3 d5 3. Nd2 Nf6 4. Ngf3 Nc6 5. g3
dxe4 6. dxe4 e5 7. Bg2 Bc5 8. O-O O-O 9. c3 a5 10. Qc2 b6 11. Nc4 Ba6 12.
Rd1 Qe7
13. Ne3 Rad8 14. Nd5 Nxd5 15. exd5 e4 16. Ne1 Ne5 17. Bxe4 Ng4 18. Bxh7+ Kh8 19. Qf5 Nxf2 20. Nf3 Nxd1+
21. Nd4 Bxd4+ 22. cxd4 Qe1+ 23. Kg2 Rxd5 24. Qf3 Be2  0-1

[Event "Asian Junior Chess Championship 2018"]
[Site "Central Palace of Culture of Mongolian Trade Union, Ulaanbaatar, Mongolia"]
[Date "2018.08.24"]
[Round "8"]
[Board "5"]
[White "Udval, Enkhsaikhan"]
[Black "Bidhar, Rutumbara"]
[Result "0-1"]
[WhiteElo "1599"]
[BlackElo "2036"]
[PlyCount "0"]
[EventDate "2018.08.19"]
[EventRounds "9"]
[EventCountry "MGL"]

1. d4 e6 2. Nf3 f5 3. Bg5 Nf6 4. h4 Be7 5. Nbd2
c5 6. e3 b6 7. Ne5 Bb7 8. c3 Nc6 9. Ndf3 d6 10.
Nd3 Qd7
11. Nf4 O-O-O 12. Bc4 d5 13. Bb5 Ng4 14. Qa4 Bxg5 15. Nxg5 Rde8 16. Nd3 h6 17. Nf3 Qd6 18. Nfe5 Ngxe5
19. Nxe5 Nxe5 20. dxe5 Qd8 21. Bxe8 Rxe8 22. Qxa7 Qc7 23. O-O
g5 24. h5 Kd7 25. Qa4+ Bc6 26. Qc2 Qxe5 27. Rad1 g4 28.
Rfe1 g3
29. fxg3 Rg8 30. e4 fxe4 31. Qxe4 Qxe4 32. Rxe4 Rxg3 33. Kf2
Rg5 34. g4 e5 35. Kg3 Kd6 36. b4
d4 37. bxc5+ bxc5 38. Re3 Bd7 39. cxd4 Rxg4+ 40. Kf2 cxd4 41.
Ra3 Bc6
42. Rc1 Rg2+ 43. Kf1 Rh2 44. Rg3 Bb5+ 45. Kg1 Rxh5
46. Kf2 e4 47. Rb1 Rf5+ 48. Kg2 d3 49. Rg6+ Kc5 50. Rxh6 d2 51. Rh8 e3 52. Rd8
Bc6+ 53. Kg3 Rd5 54. Rh8 e2  0-1